000
00325nam a2200133Ia 4500
008
191201s2005 xx 000 0 und d
100
_a
KRISHNASWAMY, K.N.
245
0
_a
Cases in Production/Operations Management
250
_a
1st
260
_a
N.Delhi
_b
PHI
_c
2005
300
_a
294
650
_a
B.Tech(IT)
942
_2
ddc
_c
BK
999
_c
2878
_d
2878